<?xml version="1.0" encoding="UTF-8"?>
<record
    xmlns:xsi="http://www.w3.org/2001/XMLSchema-instance"
    xsi:schemaLocation="http://www.loc.gov/MARC21/slim http://www.loc.gov/standards/marcxml/schema/MARC21slim.xsd"
    xmlns="http://www.loc.gov/MARC21/slim">

  <leader>00470nam a2200169Ia 4500</leader>
  <controlfield tag="003">3228</controlfield>
  <controlfield tag="005">20250523111313.0</controlfield>
  <controlfield tag="008">210817s9999    xx            000 0 und d</controlfield>
  <datafield tag="020" ind1=" " ind2=" ">
    <subfield code="a">9772224144204</subfield>
    <subfield code="q">Paperback</subfield>
  </datafield>
  <datafield tag="040" ind1=" " ind2=" ">
    <subfield code="a">RDA</subfield>
    <subfield code="c">3228</subfield>
  </datafield>
  <datafield tag="082" ind1=" " ind2=" ">
    <subfield code="a">J 629.45 JOUR</subfield>
  </datafield>
  <datafield tag="245" ind1=" " ind2="0">
    <subfield code="a">Journey into space </subfield>
  </datafield>
  <datafield tag="260" ind1=" " ind2=" ">
    <subfield code="a">Pretoria:</subfield>
    <subfield code="b">BK Publishing;</subfield>
    <subfield code="c">2015.</subfield>
  </datafield>
  <datafield tag="300" ind1=" " ind2=" ">
    <subfield code="a">47 Pages:</subfield>
    <subfield code="b">Colour Illustrations;</subfield>
    <subfield code="c">27 cm.</subfield>
  </datafield>
  <datafield tag="490" ind1=" " ind2=" ">
    <subfield code="a">Supernova the mag for curious kids</subfield>
  </datafield>
  <datafield tag="942" ind1=" " ind2=" ">
    <subfield code="c">BK</subfield>
    <subfield code="2">ddc</subfield>
    <subfield code="y">162</subfield>
    <subfield code="z">Elsie Maluleke</subfield>
  </datafield>
  <datafield tag="999" ind1=" " ind2=" ">
    <subfield code="c">275801</subfield>
    <subfield code="d">275799</subfield>
  </datafield>
  <datafield tag="952" ind1=" " ind2=" ">
    <subfield code="0">0</subfield>
    <subfield code="1">0</subfield>
    <subfield code="4">0</subfield>
    <subfield code="7">0</subfield>
    <subfield code="a">STANL</subfield>
    <subfield code="b">STANL</subfield>
    <subfield code="d">2021-08-19</subfield>
    <subfield code="g">119.00</subfield>
    <subfield code="l">0</subfield>
    <subfield code="p">33228015319781</subfield>
    <subfield code="r">2021-08-19</subfield>
    <subfield code="w">2021-08-19</subfield>
    <subfield code="y">BK</subfield>
  </datafield>
  <datafield tag="952" ind1=" " ind2=" ">
    <subfield code="0">0</subfield>
    <subfield code="1">0</subfield>
    <subfield code="2">ddc</subfield>
    <subfield code="4">0</subfield>
    <subfield code="7">0</subfield>
    <subfield code="a">LYDEL</subfield>
    <subfield code="b">MPSTL</subfield>
    <subfield code="d">2025-05-23</subfield>
    <subfield code="l">0</subfield>
    <subfield code="o">J 629.45 JOUR</subfield>
    <subfield code="p">3228200024051</subfield>
    <subfield code="r">2025-05-23</subfield>
    <subfield code="w">2025-05-23</subfield>
    <subfield code="y">BK</subfield>
  </datafield>
  <datafield tag="952" ind1=" " ind2=" ">
    <subfield code="0">0</subfield>
    <subfield code="1">0</subfield>
    <subfield code="2">ddc</subfield>
    <subfield code="4">0</subfield>
    <subfield code="7">0</subfield>
    <subfield code="a">LYDEL</subfield>
    <subfield code="b">MPSTL</subfield>
    <subfield code="d">2025-05-23</subfield>
    <subfield code="l">0</subfield>
    <subfield code="o">J 629.45 JOUR</subfield>
    <subfield code="p">3228200024054</subfield>
    <subfield code="r">2025-05-23</subfield>
    <subfield code="w">2025-05-23</subfield>
    <subfield code="y">BK</subfield>
  </datafield>
  <datafield tag="952" ind1=" " ind2=" ">
    <subfield code="0">0</subfield>
    <subfield code="1">0</subfield>
    <subfield code="2">ddc</subfield>
    <subfield code="4">0</subfield>
    <subfield code="7">0</subfield>
    <subfield code="a">MASHML</subfield>
    <subfield code="b">MASHML</subfield>
    <subfield code="d">2025-09-29</subfield>
    <subfield code="l">0</subfield>
    <subfield code="o">J 629.45 JOUR</subfield>
    <subfield code="p">3228200024114</subfield>
    <subfield code="r">2025-09-29</subfield>
    <subfield code="w">2025-09-29</subfield>
    <subfield code="y">BK</subfield>
  </datafield>
  <datafield tag="952" ind1=" " ind2=" ">
    <subfield code="0">0</subfield>
    <subfield code="1">0</subfield>
    <subfield code="2">ddc</subfield>
    <subfield code="4">0</subfield>
    <subfield code="7">0</subfield>
    <subfield code="a">LYDEL</subfield>
    <subfield code="b">SIMIL</subfield>
    <subfield code="d">2025-10-27</subfield>
    <subfield code="l">0</subfield>
    <subfield code="o">J 629.45 JOUR</subfield>
    <subfield code="p">3322803183855</subfield>
    <subfield code="r">2025-10-27</subfield>
    <subfield code="w">2025-10-27</subfield>
    <subfield code="y">BK</subfield>
  </datafield>
  <datafield tag="952" ind1=" " ind2=" ">
    <subfield code="0">0</subfield>
    <subfield code="1">0</subfield>
    <subfield code="2">ddc</subfield>
    <subfield code="4">0</subfield>
    <subfield code="7">0</subfield>
    <subfield code="a">LYDEL</subfield>
    <subfield code="b">LEROL</subfield>
    <subfield code="d">2025-11-12</subfield>
    <subfield code="l">0</subfield>
    <subfield code="o">J 629.45 JOUR</subfield>
    <subfield code="p">3322803185089</subfield>
    <subfield code="r">2025-11-12</subfield>
    <subfield code="w">2025-11-12</subfield>
    <subfield code="y">BK</subfield>
  </datafield>
  <datafield tag="952" ind1=" " ind2=" ">
    <subfield code="0">0</subfield>
    <subfield code="1">0</subfield>
    <subfield code="2">ddc</subfield>
    <subfield code="4">0</subfield>
    <subfield code="7">0</subfield>
    <subfield code="a">LYDEL</subfield>
    <subfield code="b">GRASL</subfield>
    <subfield code="d">2026-05-26</subfield>
    <subfield code="l">0</subfield>
    <subfield code="o">J 629.45 JOUR</subfield>
    <subfield code="p">33228031103646</subfield>
    <subfield code="r">2026-05-26</subfield>
    <subfield code="w">2026-05-26</subfield>
    <subfield code="y">BK</subfield>
  </datafield>
</record>
